000 00650cam a22002293a 4500
001 5189
003 PGUSA
005 20140828083114.0
008 040201s2004||||xxu|||||s|||||000 | eng d
040 _aPGUSA
_beng
042 _adc
050 4 _aM
100 1 _aBrahms, Johannes,
_d1833-1897
245 1 0 _aString Quartet in C minor, Op. 51 no. 1
_h[electronic resource] /
_cJohannes Brahms
260 _bProject Gutenberg,
_c2004
506 _aPublic domain in the USA.
516 _aElectronic text
653 _aString quartets -- Scores
830 0 _aProject Gutenberg
_v5189
856 4 0 _uhttp://www.gutenberg.org/ebooks/5189
942 _cEB
999 _c234518
_d234518